Noveaux éléments de physicologie humaine / (Record no. 31304)

MARC details
000 -LEADER
campo de control de longitud fija 00546nam a2200181 i 4500
001 - NÚMERO DE CONTROL
campo de control 31304
003 - IDENTIFICADOR DE NÚMERO DE CONTROL
campo de control ES-MaACL
005 - FECHA Y HORA DE LA ÚLTIMA TRANSACCIÓN
campo de control 20251015063047.0
007 - CAMPO FIJO DE DESCRIPCIÓN FÍSICA--INFORMACIÓN GENERAL
campo de control de longitud fija t|
008 - DATOS DE LONGITUD FIJA--INFORMACIÓN GENERAL
campo de control de longitud fija 030128s1881 fr ||||1| fre d
100 1# - ENTRADA PRINCIPAL--NOMBRE DE PERSONA
Nombre de persona Beaunis, Henri Étienne,
Fechas asociadas al nombre 1830-1921
9 (RLIN) 125879
245 10 - MENCIÓN DEL TÍTULO
Título Noveaux éléments de physicologie humaine /
Mención de responsabilidad, etc. por H. Beaunis.
250 ## - MENCION DE EDICION
Mención de edición 2eme ed. entièrement refondue.
260 ## - PUBLICACIÓN, DISTRIBUCIÓN, ETC.
Lugar de publicación, distribución, etc. París :
Nombre del editor, distribuidor, etc. J.B. Baillière,
Fecha de publicación, distribución, etc. 1881.
300 ## - DESCRIPCIÓN FÍSICA
Extensión 2 v. :
Otras características físicas il. ;
Dimensiones 25 cm.
852 ## - LOCALIZACIÓN
Ubicación ES-MaACL
Número de control de estantería G-10812-3
Holdings
Estatus retirado Estado de pérdida Estado de daño No para préstamo Colección Biblioteca de origen Biblioteca actual Ubicación en estantería Fecha de adquisición Fuente de adquisición Total de préstamos Signatura topográfica completa Código de barras Visto por última vez Precio de reemplazo Tipo de ítem Koha
        Libros del s. XIX Biblioteca del Ateneo de Madrid Biblioteca del Ateneo de Madrid Sala Pecera Planta 3 17/01/2008     G-10812-3 1032344 23/02/2023 23/02/2023 Libro impreso antiguo